| Поле | Название | Значение |
| |
Тип записи |
a |
| |
Библиографический уровень |
m |
| 001 |
Контрольный номер |
RU/УГОНБ/EK/28039 |
| 005 |
Дата корректировки |
20260326163514.0 |
| 010 |
Индекс ISBN |
__ |
| a |
ISBN |
5-12-002454-8 |
| d |
Цена |
4 р. 97 к. |
| 9 |
Тираж |
9100 экз. |
| 100 |
Данные общей обработки |
__ |
| a |
Данные общей обработки |
19921125d1991 u u0rusy0189 ca |
| 101 |
Язык документа |
0_ |
| a |
Язык текста |
rus |
| 102 |
Страна публикации |
__ |
| a |
Страна публикации |
UA |
| 105 |
Кодированные данные (монография) |
__ |
| a |
Кодированные данные (монография) |
a z 001yy |
| 200 |
Заглавие и сведения об ответственности |
1_ |
| a |
Заглавие |
Новые продукты диетического и лечебного питания для беременных женщин и детей |
| f |
Первые сведения об ответственности |
Е. М. Лукьянова, Е. П. Самборская, Л. Б. Гутман, И. И. Иванов |
| g |
Последующие сведения об ответственности |
под редакцией Е. М. Лукьяновой |
| 210 |
Выходные данные |
1_ |
| a |
Место издания |
Киев |
| c |
Издательство |
Наукова думка |
| d |
Дата издания |
1991 |
| 215 |
Физическое описание |
__ |
| a |
Объем |
136 с. |
| c |
Иллюстрации/тип воспроизводства |
ил. |
| d |
Формат |
22 см |
| 300 |
Общие примечания |
__ |
| a |
Общие примечания |
Библиогр.: с. 135-137 |
| 606 |
Тематические рубрики |
0_ |
| a |
Основная рубрика |
Пищевые препараты для детей |
| 606 |
Тематические рубрики |
0_ |
| a |
Основная рубрика |
Диетические продукты |
| 606 |
Тематические рубрики |
0_ |
| a |
Основная рубрика |
Питание лечебное при беременности |
| 606 |
Тематические рубрики |
0_ |
| a |
Основная рубрика |
Солодовые экстракты |
| 610 |
Ключевые слова |
0_ |
| a |
Ключевые слова |
питание лечебное; питание диетическое; солодовые экстракты в питании; продукты пищевые |
| 686 |
Индексы других классификаций |
__ |
| a |
Классификационный индекс |
53.51 |
| 2 |
Код системы |
rubbk |
| 686 |
Индексы других классификаций |
__ |
| a |
Классификационный индекс |
57.161.1 |
| 2 |
Код системы |
rubbk |
| 686 |
Индексы других классификаций |
__ |
| a |
Классификационный индекс |
51.283.7 |
| 2 |
Код системы |
rubbk |
| 701 |
Альтернативная интеллектуальная ответственность |
_1 |
| a |
Фамилия |
Лукьянова |
| b |
Имя (инициалы) |
Е. М. |
| 4 |
Код отношения |
070 |
| 4 |
Код отношения |
340 |
| 701 |
Альтернативная интеллектуальная ответственность |
_1 |
| a |
Фамилия |
Самборская |
| b |
Имя (инициалы) |
Е. П. |
| 701 |
Альтернативная интеллектуальная ответственность |
_1 |
| a |
Фамилия |
Гутман |
| b |
Имя (инициалы) |
Л. Б. |
| 701 |
Альтернативная интеллектуальная ответственность |
_1 |
| a |
Фамилия |
Иванов |
| b |
Имя (инициалы) |
И. И. |
| 801 |
Источник записи |
_0 |
| a |
Страна |
RU |
| b |
Организация |
Ульяновская ОНБ |
| c |
Дата составления |
19921125 |
| g |
Правила каталогизации |
RCR |
| 801 |
Источник записи |
_1 |
| a |
Страна |
RU |
| b |
Организация |
Ульяновская ОНБ |
| c |
Дата составления |
20031027 |
| g |
Правила каталогизации |
RCR |
| 901 |
Тип документа |
__ |
| t |
Тип документа |
m |
| 910 |
Корректоры записи |
__ |
| a |
Корректор записи |
Седова |
| b |
Дата внесения изменения в запись |
20260326 |